000 00582nam a2200217Ia 4500
005 20250923150038.0
008 008 250917s9999 xx 000 0 eng d
037 _aTextual
040 _aDSWL
_beng
_cDSWL
041 _aeng
_2eng
084 _aT:3(Yx;4)x, N99
_qDSWL
100 _aBor, Robert
_9841612
245 4 _aThe trainee handbook
_c by Robert Bor
260 _aLondon
_bSage
_c1999
300 _a290 p.
365 _aINR
_b1175.26
700 _a M Watt
_9841613
925 _g1175.26
942 _cTEXL
_hT:3(Yx;4)x, N99
999 _c1458914
_d1458914